Guess the Harry Potter Movies by Scene #13 - Statistics

General Stats
  • This quiz has been taken 119 times
  • The average score is 17 of 20
Answer Stats
Picture Answer % Correct
Chamber of Secrets
100%
Philosopher's Stone
100%
Order of the Phoenix
93%
Chamber of Secrets
89%
Goblet of Fire
89%
Philosopher's Stone
89%
Philosopher's Stone
89%
Philosopher's Stone
89%
Chamber of Secrets
86%
Chamber of Secrets
86%
Deathly Hallows – Part 1
86%
Half-Blood Prince
86%
Half-Blood Prince
86%
Order of the Phoenix
86%
Half-Blood Prince
82%
Order of the Phoenix
82%
Deathly Hallows – Part 2
79%
Half-Blood Prince
75%
Order of the Phoenix
75%
Prisoner of Azkaban
71%
No matching quizzes found
Score Distribution
Percent of People with Each Score
Percentile by Number Answered
Your Score History
You have not taken this quiz